000
00273nam a2200097Ia 4500
001
1166192
005
20250827011755.0
008
250824s9999 xx 000 0 und d
245
0
_a
DOĞAYA FISILDAYAN ÇOCUKLAR
_c
LUIGI BALLERINI
260
_b
GÜNIŞIĞI KİTAPLIĞI YAYINLARI
999
_c
1166192
_d
1166192